[Event "Buenos Aires Masters op"]
[Site "Buenos Aires"]
[Date "2023.06.16"]
[Round "3"]
[White "Fernandes, Martin"]
[Black "Sala, Esteban"]
[Result "1-0"]
[WhiteElo "1944"]
[BlackElo "1700"]
[PlyCount "91"]
[EventDate "2023.06.14"]
[EventType "swiss"]
[EventRounds "9"]
[EventCountry "ARG"]
[SourceTitle "CBM 215 Extra"]
[Source "ChessBase"]
[SourceDate "2023.09.30"]
[SourceVersion "1"]
[SourceVersionDate "2023.09.30"]
[SourceQuality "1"]

1. e4 c5 2. Ne2 Nc6 3. g3 d5 4. Bg2 dxe4 5. Bxe4 Bd7 6. Nbc3 Nf6 7. Bg2 g6 8. d3 Bg7 9. Be3 b6 10. d4 cxd4 11. Nxd4 Nxd4 12. Qxd4 Rc8 13. Rd1 0-0 14. 0-0 Bg4 15. f3 Qxd4 16. Rxd4 Bf5 17. g4 Nxg4 18. fxg4 Bxd4 19. Bxd4 Bxg4 20. Nd5 Rfe8 21. Bc3 Be6 22. Nb4 Rc5 23. Rd1 f6 24. Nc6 Rg5 25. Kf2 a5 26. a3 Kf8 27. Nd8 Bg4 28. Rd2 h5 29. Bc6 Rf5+ 30. Kg3 g5 31. Ne6+ Kg8 32. Bxe8 Rf3+ 33. Kg2 Re3 34. Nc7 h4 35. Bc6 Re1 36. Nd5 f5 37. Kf2 Re6 38. Bd7 Re4 39. Nxb6 Bh5 40. Bc6 Rf4+ 41. Ke3 Rf1 42. Rd8+ Kf7 43. Be8+ Ke6 44. Bxh5 Rh1 45. Bf3 Rxh2 46. Bd5# 1-0

[Event "ARG-ch sf 94th"]
[Site "Buenos Aires"]
[Date "2019.04.06"]
[Round "8"]
[White "Sala, Esteban"]
[Black "Fiorito, Francisco"]
[Result "0-1"]
[WhiteElo "1775"]
[BlackElo "1588"]
[PlyCount "96"]
[EventDate "2019.03.30"]
[EventType "swiss"]
[EventRounds "9"]
[EventCountry "ARG"]
[SourceTitle "CBM 189 Extra"]
[Source "ChessBase"]
[SourceDate "2019.06.03"]
[SourceVersion "1"]
[SourceVersionDate "2019.06.03"]
[SourceQuality "1"]

1. e4 e5 2. Nf3 Nc6 3. d4 exd4 4. Bc4 Bc5 5. c3 Nf6 6. e5 d5 7. Bb5 Ne4 8. Nxd4 0-0 9. Bxc6 bxc6 10. 0-0 Ba6 11. Re1 Re8 12. Be3 Bxd4 13. cxd4 c5 14. Nc3 cxd4 15. Bxd4 Nxc3 16. Bxc3 c5 17. Qg4 d4 18. Rad1 Qb6 19. Bd2 Qxb2 20. Bh6 g6 21. e6 f5 22. Qg5 d3 23. h4 Kh8 24. e7 Bc4 25. f4 Kg8 26. Re5 Kf7 27. Rde1 d2 28. Rxf5+ Kg8 29. Rf8+ Rxf8 30. exf8Q+ Rxf8 31. Rd1 Re8 32. Rxd2 Qxd2 33. Qxc5 Qe3+ 34. Qxe3 Rxe3 35. f5 Ra3 36. fxg6 hxg6 37. Bf4 Rxa2 38. g4 a5 39. h5 gxh5 40. gxh5 a4 41. h6 a3 42. Bd6 Ra1+ 43. Kf2 a2 44. Be5 Rc1 45. Kg3 a1Q 46. Bxa1 Rxa1 47. Kf4 Bd3 48. Kg5 Ra6 0-1

[Event "ARG-ch sf 94th"]
[Site "Buenos Aires"]
[Date "2019.04.03"]
[Round "5"]
[White "Herrera, Pablo Francisco"]
[Black "Sala, Esteban"]
[Result "1-0"]
[WhiteElo "2008"]
[BlackElo "1775"]
[PlyCount "47"]
[EventDate "2019.03.30"]
[EventType "swiss"]
[EventRounds "9"]
[EventCountry "ARG"]
[SourceTitle "CBM 189 Extra"]
[Source "ChessBase"]
[SourceDate "2019.06.03"]
[SourceVersion "1"]
[SourceVersionDate "2019.06.03"]
[SourceQuality "1"]

1. c4 c5 2. Nc3 Nf6 3. g3 Nc6 4. Bg2 g6 5. e3 Bg7 6. Nge2 0-0 7. d4 cxd4 8. exd4 d6 9. 0-0 Bf5 10. h3 Qc8 11. g4 Nxg4 12. hxg4 Bxg4 13. Be3 e5 14. f3 Bh3 15. Rc1 Bxg2 16. Kxg2 f5 17. Rh1 f4 18. Bf2 Ne7 19. Ne4 Nf5 20. dxe5 Bxe5 21. Qd5+ Kg7 22. Ng5 Bxb2 23. Rxh7+ Kf6 24. Ne4# 1-0